00434nam a2200181Ia 4500008004100000020001800041245001200059245004800071260001500119260001600134260000900150300001500159300002500174300001000199440001600209500000800225999001900233170705s9999 xx 000 0 und d a9780545389310 aDixie / cGrace Gilman ; pictures by Sarah McConnell. aNew York : bScholastic, c2011 a30 pages : bcolor illustration ; c23cm. aI can read! a200 c335380d335380